Statistics for Movie Characters

Click here to take the quiz!

General Stats

  • This quiz has been taken 42 times
  • The average score is 7 of 16

Answer Stats

HintAnswer% Correct
Hogwarts Potions MasterSeverus Snape
79%
Archer played by Orlando Bloom in Lord of the RingsLegolas
71%
Whose Heart is in The Chest in Pirates of the CaribbeanDavy Jones
62%
Woody's HorseBullseye
59%
Guy who escaped Shawshank State prisonAndy Dufrense
56%
Double Ended LightsaberDarth Maul
56%
The Master Shark from Finding NemoBruce
53%
Guy who provides Batman with his ArmourLucius Fox
47%
Young Sister of Katniss EverdeenPrimrose Everdeen
44%
Woman who can control weatherStorm
41%
Agent killed by Loki in front of ThorPhil Coulson
35%
Who is Troys BFF from High school musicalChad Danforth
32%
Dentist from The HangoverStu Price
32%
Nerd From InbetweenersWill McKenzie
26%
Alien dog from MIBFrank the Pug
24%
Long Term Girlfriend of Dominic TorettoLetty Ortiz
21%

Score Distribution

Percentile by Number Answered

Percent of People with Each Score

Your Score History

You have not taken this quiz